000 00508nam a2200181Ia 4500
005 20250326123705.0
008 250326s9999 xx 000 0 und d
037 _aTextbook
040 _aFMSL
_beng
_cFMSL
041 _aeng
_2eng
084 _aX65 M7;1
_qFMSL
100 _aFuller R J
_9735815
245 0 _aModern investments and secutiry analysis
_cFuller R J; Farrell J L
260 _aNY
_bNY, McGraw-Hill
_c1987
300 _a665p
942 _cTB
_hX65 M7;1
999 _c1270517
_d1270517